000 01373aam a2200301 i 4500
001 768714001
003 CO-MdFUSB
005 20220202164515.0
007 ta
008 220202t1993 ck |||| |||| 00| 0 spa d
020 _a[No incluye ISBN]
040 _bspa.
_aCO-MdFUSB
_cCO-MdFUSB
_dCO-MdFUSBC
_erda
041 _aspa
082 0 4 _a284.3
_223
_bM3852h
100 1 _aMartínez Guerra, Juan Francisco
_eautor
245 1 0 _aHistoria y teología de la reforma radical :
_bun desafío actual. Guía de estudio
_c/ Juan F. Martínez G.
264 1 _aBogotá, Colombia :
_bEdiciones Semilla,
_c[1993]
264 4 _c© 1993
300 _a98 páginas
_c; 27 cm
336 _atexto
_btxt
_2rdacontent
337 _2rdamedia
_asin mediación
_bn
338 _2rdacarrier
_avolumen
_bnc
505 _aQue es un Anabautista Menonita. -- Repaso de la historia de la iglesia (desde pentecostés hasta la víspera de la Reforma). -- ¿Qué es la iglesia? -- La reforma de la iglesia. -- La reforma radical I (Suiza). -- El bautismo y la santa cena. -- La reforma radical II (Alemania y Moravia). -- La reforma radical III (Holanda). -- El ser discípulo. -- El cristiano como pacificador. -- El Anabautismo en Europa 1550-1815. -- La vida en comunidad. -- Lecturas adicionales.
563 _aRústico
650 0 _9153
_aHistoria de la Iglesia
942 _cBK
945 _aJTF-925
999 _c38937
_d38937